[Event "Winnipeg TNT Oct op"]
[Site "Winnipeg CAN"]
[Date "1998.10.27"]
[Round "4"]
[White "Schulz, Waldemar"]
[Black "Sadov, Sergey"]
[Result "1-0"]
[WhiteElo "2039"]
[BlackElo "2100"]
[PlyCount "123"]
[GameId "2160767911806306"]
[EventDate "1998.10.06"]
[EventType "swiss"]
[EventRounds "4"]
[EventCountry "CAN"]

1. Nf3 Nf6 2. g3 b6 3. Bg2 Bb7 4. O-O e6 5. c4 c5 6. Nc3 Nc6 7. b3 Be7 8. Bb2 d5 9. cxd5 exd5 10. d4 O-O 11. Rc1 Re8 12. Re1 Nxd4 13. Nxd4 cxd4 14. Qxd4 Bc5 15. Qf4 Bc6 16. e3 Qd7 17. Ne2 Bd6 18. Qh4 Ne4 19. Nd4 Bb7 20. Bh3 Qe7 21. Qxe7 Bxe7 22. Rc7 Nd6 23. Ba3 Bd8 24. Bxd6 Bxc7 25. Bxc7 Bc8 26. Bf1 a6 27. Bxb6 Be6 28. Kg2 Rec8 29. Ba5 g6 30. Bd3 h6 31. Nxe6 fxe6 32. Bxg6 Kg7 33. Bd3 Rc5 34. Bb4 Rc6 35. Ba5 e5 36. f3 Re8 37. Rd1 Kf6 38. Bd2 Rec8 39. Kf2 Ke6 40. g4 Kf6 41. Bf5 Rb8 42. Ke2 h5 43. Rc1 Rxc1 44. Bxc1 Rh8 45. h3 hxg4 46. Bxg4 Rh7 47. Bb2 Re7 48. f4 d4 49. fxe5+ Kxe5 50. Bxd4+ Ke4 51. Bf3+ Kf5 52. h4 a5 53. e4+ Kf4 54. h5 Rc7 55. Be3+ Ke5 56. h6 Rb7 57. Bg4 a4 58. Bf5 axb3 59. axb3 Rxb3 60. h7 Rb8 61. Bc1 Kd4 62. h8=Q+ 1-0

[Event "Winnipeg TNT Sept op"]
[Site "Winnipeg CAN"]
[Date "1998.09.08"]
[Round "1"]
[White "Bays, Derek"]
[Black "Sadov, Sergey"]
[Result "0-1"]
[WhiteElo "1517"]
[BlackElo "2129"]
[PlyCount "78"]
[GameId "2160767911806394"]
[EventDate "1998.09.08"]
[EventType "swiss"]
[EventRounds "4"]
[EventCountry "CAN"]

1. e4 e5 2. Bc4 Nf6 3. d3 c6 4. Nf3 d6 5. Ng5 d5 6. Bb3 Bc5 7. h3 h6 8. Nf3 dxe4 9. Nxe5 Bxf2+ 10. Kxf2 Qd4+ 11. Be3 Qxe5 12. Rf1 Bf5 13. dxe4 Nxe4+ 14. Kg1 O-O 15. c3 Nxc3 16. Nxc3 Qxe3+ 17. Kh1 g6 18. Re1 Qf4 19. Bxf7+ Kh8 20. Qe2 Rxf7 21. Qe8+ Kg7 22. Rad1 Bd7 23. Qd8 Qf6 24. Qxf6+ Rxf6 25. Ne4 Re6 26. Nc5 Rxe1+ 27. Rxe1 Kf7 28. Nxb7 Na6 29. Nd6+ Kf8 30. Rf1+ Kg8 31. Rf7 Be8 32. Re7 Kf8 33. Rh7 c5 34. Rxh6 Kg7 35. Rh4 Bc6 36. Nc4 Re8 37. Kg1 Nb4 38. a3 Nd3 39. Kf1 Re1# 0-1

[Event "Winnipeg TNT Sept op"]
[Site "Winnipeg CAN"]
[Date "1998.09.08"]
[Round "1"]
[White "Boron, Anthony"]
[Black "Trueman, Francis"]
[Result "1/2-1/2"]
[WhiteElo "1893"]
[BlackElo "1519"]
[PlyCount "36"]
[GameId "2160767911806395"]
[EventDate "1998.09.08"]
[EventType "swiss"]
[EventRounds "4"]
[EventCountry "CAN"]

1. e4 c6 2. d3 d5 3. Nd2 e5 4. Ngf3 Nd7 5. d4 exd4 6. exd5 c5 7. Qe2+ Qe7 8. Ne4 Ne5 9. Nxe5 Qxe5 10. Bf4 Qxf4 11. Nf6+ Kd8 12. Qe8+ Kc7 13. Qxf7+ Kb6 14. Nd7+ Bxd7 15. Qxf4 Re8+ 16. Kd2 Nf6 17. a4 Ne4+ 18. Kc1 Bd6 1/2-1/2

[Event "Winnipeg TNT Sept op"]
[Site "Winnipeg CAN"]
[Date "1998.09.08"]
[Round "1"]
[White "Ott, Richard"]
[Black "Thomlison, Gary"]
[Result "0-1"]
[WhiteElo "1538"]
[BlackElo "1890"]
[PlyCount "67"]
[GameId "2160767911806396"]
[EventDate "1998.09.08"]
[EventType "swiss"]
[EventRounds "4"]
[EventCountry "CAN"]

1. d4 Nf6 2. c4 g6 3. Nc3 Bg7 4. e4 d6 5. f3 O-O 6. Be3 e5 7. Nge2 Nc6 8. Qd2 Ne8 9. d5 Ne7 10. h4 f5 11. Bh6 Nf6 12. Bxg7 Kxg7 13. h5 Nxh5 14. Rxh5 gxh5 15. Qg5+ Ng6 16. Qxh5 Qh4+ 17. Qxh4 Nxh4 18. Nb5 Rf7 19. Nec3 a6 20. Na3 Bd7 21. Kf2 fxe4 22. Nxe4 Rg8 23. c5 Bf5 24. Ng5 Rf6 25. cxd6 cxd6 26. Ne6+ Bxe6 27. dxe6 d5 28. e7 Kf7 29. Rc1 Re8 30. Rc5 e4 31. Kg3 Rg8+ 32. Kh2 exf3 33. Rc7 fxg2 34. e8=Q+ 0-1

[Event "Winnipeg TNT Sept op"]
[Site "Winnipeg CAN"]
[Date "1998.09.15"]
[Round "2"]
[White "Thomlison, Gary"]
[Black "Sadov, Sergey"]
[Result "0-1"]
[WhiteElo "1890"]
[BlackElo "2129"]
[PlyCount "88"]
[GameId "2160767911806397"]
[EventDate "1998.09.08"]
[EventType "swiss"]
[EventRounds "4"]
[EventCountry "CAN"]

1. Nf3 d5 2. c4 c6 3. g3 Nd7 4. Qc2 e6 5. Bg2 Ngf6 6. O-O Bd6 7. d3 O-O 8. b3 Re8 9. Bb2 e5 10. e4 d4 11. Nbd2 c5 12. Kh1 a5 13. Nh4 g6 14. Rae1 Ra6 15. Qd1 Nb8 16. Bf3 h5 17. Be2 Bg4 18. f3 Bh3 19. Ng2 Nc6 20. Rf2 Rb6 21. Rg1 Kg7 22. f4 Ng4 23. Bxg4 Bxg4 24. Qf1 Bd7 25. Nf3 f6 26. Bc1 Bg4 27. fxe5 Bxe5 28. Nf4 Bxf4 29. gxf4 Qc8 30. Rg3 Ne7 31. h3 Bxf3+ 32. Rfxf3 f5 33. Bd2 Re6 34. e5 Kf7 35. Rg2 Qa8 36. a3 b6 37. Kh2 Nc6 38. Rfg3 h4 39. Rg5 Rh8 40. Be1 Qb8 41. Qf3 Nxe5 42. fxe5 Qxe5+ 43. Bg3 hxg3+ 44. R5xg3 Rxh3+ 0-1

[Event "Winnipeg TNT Sept op"]
[Site "Winnipeg CAN"]
[Date "1998.09.15"]
[Round "2"]
[White "Trueman, Francis"]
[Black "Ott, Richard"]
[Result "0-1"]
[WhiteElo "1519"]
[BlackElo "1538"]
[PlyCount "44"]
[GameId "2160767911806398"]
[EventDate "1998.09.08"]
[EventType "swiss"]
[EventRounds "4"]
[EventCountry "CAN"]

1. Nf3 d5 2. d3 Nc6 3. g3 Bg4 4. Bg2 Qd7 5. h3 Bxf3 6. Bxf3 O-O-O 7. Nd2 e5 8. e4 dxe4 9. dxe4 Kb8 10. c3 Bc5 11. Qc2 h5 12. b4 Bd6 13. a4 Nh6 14. Nc4 Nxb4 15. cxb4 Bxb4+ 16. Ke2 f5 17. Nxe5 Qe6 18. Qb2 Qa6+ 19. Ke3 Bc5+ 20. Kf4 g5+ 21. Kxg5 Rdg8+ 22. Kh4 Qf6+ 0-1

[Event "Winnipeg TNT Sept op"]
[Site "Winnipeg CAN"]
[Date "1998.09.22"]
[Round "3"]
[White "Gibbons, Lorne"]
[Black "Thomlison, Gary"]
[Result "0-1"]
[WhiteElo "1311"]
[BlackElo "1890"]
[PlyCount "36"]
[GameId "2160767911806399"]
[EventDate "1998.09.08"]
[EventType "swiss"]
[EventRounds "4"]
[EventCountry "CAN"]

1. e4 e5 2. Bc4 Nf6 3. d3 Nc6 4. Ne2 d5 5. exd5 Nxd5 6. c3 Be6 7. Qb3 Na5 8. Qa4+ c6 9. b4 Nxc4 10. dxc4 Nb6 11. Qc2 Bxc4 12. f4 Bd3 13. Qd2 e4 14. Ng3 Qf6 15. Qe3 Nd5 16. Nxe4 Qh4+ 17. g3 Nxe3 18. gxh4 Nc2+ 0-1

[Event "Winnipeg TNT Sept op"]
[Site "Winnipeg CAN"]
[Date "1998.09.22"]
[Round "3"]
[White "Sadov, Sergey"]
[Black "Weijs, Harry"]
[Result "1-0"]
[WhiteElo "2129"]
[BlackElo "1615"]
[PlyCount "75"]
[GameId "2160767911806400"]
[EventDate "1998.09.08"]
[EventType "swiss"]
[EventRounds "4"]
[EventCountry "CAN"]

1. e4 d5 2. exd5 Nf6 3. d4 Bg4 4. Nf3 Qxd5 5. Be2 Nc6 6. O-O O-O-O 7. c3 e5 8. dxe5 Qe4 9. Nbd2 Rxd2 10. Nxd2 Qxe2 11. Qxe2 Bxe2 12. Re1 Nxe5 13. Rxe2 Bd6 14. Nf1 Re8 15. Be3 Neg4 16. h3 Nxe3 17. Rxe3 Rxe3 18. Nxe3 g6 19. Rd1 Be7 20. b4 c6 21. g3 Kc7 22. Kg2 Ne4 23. Rd3 b6 24. f3 Ng5 25. h4 Ne6 26. Ng4 Bxh4 27. Ne5 f6 28. Rd7+ Kc8 29. Rxh7 fxe5 30. Rxh4 Kb7 31. Re4 Nc7 32. c4 a5 33. bxa5 bxa5 34. Rxe5 Kb6 35. Kh3 a4 36. a3 Na6 37. Rg5 Nb4 38. axb4 1-0

[Event "Winnipeg TNT Sept op"]
[Site "Winnipeg CAN"]
[Date "1998.09.29"]
[Round "4"]
[White "Sadov, Sergey"]
[Black "Boron, Anthony"]
[Result "1-0"]
[WhiteElo "2129"]
[BlackElo "1893"]
[PlyCount "59"]
[GameId "2160767911806401"]
[EventDate "1998.09.08"]
[EventType "swiss"]
[EventRounds "4"]
[EventCountry "CAN"]

1. e4 d5 2. exd5 Nf6 3. d4 Bg4 4. Bb5+ Bd7 5. Bc4 Bg4 6. f3 Bf5 7. c3 Nbd7 8. Qb3 Nb6 9. Bb5+ Bd7 10. c4 c6 11. dxc6 bxc6 12. Ba6 Rb8 13. Bf4 e5 14. Bxe5 Qe7 15. Ne2 Rd8 16. O-O Be6 17. Nf4 Rg8 18. Nc3 g5 19. Nxe6 fxe6 20. a4 Bg7 21. a5 Nbd7 22. f4 Nxe5 23. fxe5 Ng4 24. h3 Nh6 25. Ne4 Nf7 26. Rad1 g4 27. Bb7 gxh3 28. Bxc6+ Kf8 29. Qxh3 Qc7 30. Qxe6 1-0

[Event "Winnipeg TNT Sept op"]
[Site "Winnipeg CAN"]
[Date "1998.09.29"]
[Round "4"]
[White "Trueman, Francis"]
[Black "Gibbons, Lorne"]
[Result "1-0"]
[WhiteElo "1519"]
[BlackElo "1311"]
[PlyCount "39"]
[GameId "2160767911806402"]
[EventDate "1998.09.08"]
[EventType "swiss"]
[EventRounds "4"]
[EventCountry "CAN"]

1. Nf3 Nc6 2. d3 d5 3. Nbd2 Nf6 4. g3 e5 5. Bg2 e4 6. dxe4 dxe4 7. Ng5 Bf5 8. O-O Qd4 9. c3 Qe5 10. Nc4 Qc5 11. Qb3 b6 12. Ne3 h6 13. Qxf7+ Kd8 14. Nxf5 Ne5 15. Qb3 hxg5 16. Bxg5 Neg4 17. Bxf6+ Nxf6 18. Rad1+ Ke8 19. Qe6+ Be7 20. b4 1-0

[Event "Winnipeg TNT Sept op"]
[Site "Winnipeg CAN"]
[Date "1998.09.29"]
[Round "4"]
[White "Weijs, Harry"]
[Black "Thomlison, Gary"]
[Result "0-1"]
[WhiteElo "1615"]
[BlackElo "1890"]
[PlyCount "80"]
[GameId "2160767911806403"]
[EventDate "1998.09.08"]
[EventType "swiss"]
[EventRounds "4"]
[EventCountry "CAN"]

1. d4 f5 2. c4 Nf6 3. Nf3 e6 4. g3 c6 5. Bg2 d5 6. Nbd2 Bd6 7. b3 Nbd7 8. O-O O-O 9. Bb2 Qe7 10. Ne5 g5 11. h3 Qg7 12. Ndf3 g4 13. Nxd7 Nxd7 14. Nh2 gxh3 15. Bxh3 Nf6 16. Nf3 Kh8 17. Ne5 f4 18. Qd3 Ne4 19. g4 Bd7 20. f3 Ng5 21. Bg2 Rf6 22. Kf2 Be8 23. Rh1 Bg6 24. Qd2 Rd8 25. c5 Bxe5 26. dxe5 Rf7 27. Rh4 d4 28. Qa5 Rfd7 29. Rah1 Qxe5 30. Rh6 Kg8 31. Ke1 Qe3 32. Qd2 d3 33. Rxg6+ hxg6 34. Rh8+ Kf7 35. Rxd8 Rxd8 36. Qxe3 fxe3 37. f4 dxe2 38. fxg5 Rd1+ 39. Kxe2 Rd2+ 40. Kxe3 Rxb2 0-1

[Event "Winnipeg op"]
[Site "Winnipeg CAN"]
[Date "1998.06.12"]
[Round "1"]
[White "Baragar, Fletcher"]
[Black "Walker, Erin"]
[Result "1-0"]
[WhiteElo "2360"]
[BlackElo "1781"]
[PlyCount "73"]
[GameId "2160767911872880"]
[EventDate "1998.06.12"]
[EventType "swiss"]
[EventRounds "5"]
[EventCountry "CAN"]

1. d4 d5 2. c4 e6 3. Nc3 Nf6 4. Bg5 Be7 5. e3 O-O 6. Rc1 Nbd7 7. Nf3 b6 8. cxd5 exd5 9. Bd3 h6 10. Bf4 Bb7 11. O-O c5 12. Ne5 cxd4 13. exd4 Nxe5 14. Bxe5 Bd6 15. Re1 a6 16. Qf3 Bxe5 17. dxe5 Nd7 18. Qf5 g6 19. Qh3 Kg7 20. e6 fxe6 21. Rxe6 Rf6 22. Rxf6 Nxf6 23. Qg3 Qe8 24. Qc7+ Qd7 25. Qxb6 Rc8 26. Qd4 Re8 27. h3 Qe6 28. Ne2 g5 29. Ng3 Qe5 30. Qxe5 Rxe5 31. Rc7+ Kf8 32. Rxb7 Re1+ 33. Kh2 a5 34. Bg6 Re6 35. Nf5 Ng4+ 36. hxg4 Rxg6 37. Ra7 1-0

[Event "Winnipeg op"]
[Site "Winnipeg CAN"]
[Date "1998.06.12"]
[Round "1"]
[White "Boron, Anthony"]
[Black "Walker, Sean"]
[Result "0-1"]
[WhiteElo "1883"]
[BlackElo "1486"]
[PlyCount "134"]
[GameId "2160767911872881"]
[EventDate "1998.06.12"]
[EventType "swiss"]
[EventRounds "5"]
[EventCountry "CAN"]

1. Nf3 d5 2. g3 Nc6 3. Bg2 e5 4. d3 Be6 5. O-O Qd7 6. Nc3 O-O-O 7. b3 h6 8. Bb2 f6 9. a4 d4 10. Ne4 f5 11. Ned2 g5 12. Ba3 Bg7 13. Rc1 Nf6 14. Ne1 f4 15. Ne4 Nxe4 16. Bxe4 h5 17. Nf3 Bf6 18. c3 g4 19. Ne1 h4 20. gxf4 exf4 21. Bb2 g3 22. Nf3 gxh2+ 23. Kxh2 dxc3 24. Bxc3 Bxc3 25. Rxc3 h3 26. Qc1 Nb4 27. Ne5 Qg7 28. Nc4 Na2 29. Qc2 Nxc3 30. Rc1 Nxe4 31. Rg1 Qf6 32. dxe4 Bxc4 33. Qxc4 Qe5 34. f3 Qd4 35. Qe6+ Qd7 36. Qc4 Rdf8 37. Qc5 b6 38. Qc3 Rhg8 39. Rc1 Rg2+ 40. Kh1 Rxe2 41. Qc4 Re3 42. Qa6+ Kb8 43. Qc4 Rxf3 44. a5 Kc8 45. axb6 axb6 46. Ra1 Kd8 47. Qe2 Rd3 48. Qh5 f3 49. Ra8+ Ke7 50. Qe5+ Qe6 51. Qxe6+ Kxe6 52. Rxf8 Rxb3 53. Kh2 Re3 54. Kxh3 Rxe4 55. Kg3 Re5 56. Rd8 Rf5 57. Kf2 Ke7 58. Rd3 b5 59. Rd4 c5 60. Rh4 Kd6 61. Rh8 Kc7 62. Rh6 c4 63. Re6 c3 64. Re3 b4 65. Re4 Rc5 66. Re1 c2 67. Re7+ Kd6 0-1

[Event "Winnipeg op"]
[Site "Winnipeg CAN"]
[Date "1998.06.12"]
[Round "1"]
[White "Federkevic, Danny"]
[Black "Proulx, Roy"]
[Result "1-0"]
[WhiteElo "1974"]
[BlackElo "1571"]
[PlyCount "127"]
[GameId "2160767911872882"]
[EventDate "1998.06.12"]
[EventType "swiss"]
[EventRounds "5"]
[EventCountry "CAN"]

1. e4 e6 2. d4 d5 3. exd5 exd5 4. Nf3 Bg4 5. c4 Nf6 6. Be3 c6 7. Nbd2 Bd6 8. Be2 O-O 9. O-O Nbd7 10. Qc2 Re8 11. Rfe1 Ne4 12. Nxe4 dxe4 13. Ng5 Bxe2 14. Rxe2 f5 15. c5 Bxh2+ 16. Kxh2 Qf6 17. Qc4+ Kh8 18. Nf7+ Kg8 19. Bg5 Qxf7 20. Qxf7+ Kxf7 21. Bf4 Nf6 22. Rae1 Nd5 23. Bd6 Nb4 24. a3 Nd3 25. Rd1 Re6 26. g3 Rae8 27. Kg2 g5 28. Rh1 Kg6 29. Rd2 f4 30. b4 h6 31. Rb1 a6 32. Rf1 Kf5 33. Kh3 h5 34. Rh1 Rh6 35. Kg2 Ke6 36. f3 fxg3 37. fxe4 Nf4+ 38. Kxg3 Ng6 39. Rf1 g4 40. d5+ cxd5 41. exd5+ Kd7 42. Rf7+ Kd8 43. c6 Re3+ 44. Kf2 bxc6 45. Kxe3 cxd5 46. Rxd5 h4 47. Bf4+ Ke8 48. Bxh6 Kxf7 49. Rf5+ Ke6 50. Rg5 Ne5 51. Bg7 Nc4+ 52. Kd3 Nxa3 53. Rxg4 Nb5 54. Rxh4 Kd7 55. Rh6 Nc7 56. Be5 Ne6 57. Kc4 Nd8 58. Rxa6 Nb7 59. Ra7 Kc8 60. Rxb7 Kxb7 61. Kb5 Ka8 62. Kc6 Ka7 63. b5 Ka8 64. Bh2 1-0

[Event "Winnipeg op"]
[Site "Winnipeg CAN"]
[Date "1998.06.12"]
[Round "1"]
[White "Gushuliak, Justin"]
[Black "Gentes, Kevin"]
[Result "0-1"]
[WhiteElo "1817"]
[BlackElo "2386"]
[PlyCount "44"]
[GameId "2160767911872883"]
[EventDate "1998.06.12"]
[EventType "swiss"]
[EventRounds "5"]
[EventCountry "CAN"]

1. e4 c5 2. Nf3 d6 3. c3 Nf6 4. d3 g6 5. g3 Bg7 6. Bg2 O-O 7. O-O Nc6 8. Nbd2 e5 9. a3 h6 10. Re1 d5 11. exd5 Nxd5 12. Nb3 b6 13. c4 Nc7 14. Ng5 hxg5 15. Bxc6 Bh3 16. Bg2 Bxg2 17. Kxg2 Ne6 18. Qc2 Qd7 19. Qe2 Rad8 20. Rd1 Qa4 21. Qc2 Qc6+ 22. Kg1 f5 0-1

[Event "Winnipeg op"]
[Site "Winnipeg CAN"]
[Date "1998.06.12"]
[Round "1"]
[White "Herkert, Dean"]
[Black "Gibbons, Michael"]
[Result "1-0"]
[WhiteElo "1710"]
[BlackElo "2079"]
[PlyCount "53"]
[GameId "2160767911872884"]
[EventDate "1998.06.12"]
[EventType "swiss"]
[EventRounds "5"]
[EventCountry "CAN"]

1. f4 d5 2. Nf3 Nf6 3. b3 c5 4. e3 a6 5. Bb2 Nc6 6. d3 Qc7 7. Ne5 Nd7 8. Nxc6 Qxc6 9. Be2 Nf6 10. O-O b5 11. Nd2 Bb7 12. Bf3 Qb6 13. Qe1 Rc8 14. c4 e6 15. Qg3 dxc4 16. bxc4 Rd8 17. Bxb7 Qxb7 18. d4 Qc6 19. Rac1 b4 20. Nf3 a5 21. dxc5 a4 22. Nd4 Qxc5 23. Nb5 Ne4 24. Qe1 Rd2 25. Bd4 Qh5 26. Rb1 Qg4 27. Rb2 1-0

[Event "Winnipeg op"]
[Site "Winnipeg CAN"]
[Date "1998.06.12"]
[Round "1"]
[White "Huggan, Philip"]
[Black "Sekhar, Ganesan"]
[Result "1-0"]
[WhiteElo "1543"]
[BlackElo "1940"]
[PlyCount "91"]
[GameId "2160767911872885"]
[EventDate "1998.06.12"]
[EventType "swiss"]
[EventRounds "5"]
[EventCountry "CAN"]

1. e4 g6 2. d4 Bg7 3. Nf3 d6 4. Bc4 Nc6 5. Ng5 Nh6 6. c3 Na5 7. Bb3 O-O 8. h4 c5 9. h5 Bg4 10. f3 Nxb3 11. Qxb3 Bd7 12. hxg6 hxg6 13. Qxb7 cxd4 14. cxd4 Qc8 15. Qxc8 Rfxc8 16. Nc3 f6 17. Nd5 Rxc1+ 18. Rxc1 fxg5 19. Rc7 Rd8 20. Nxe7+ Kf8 21. Nd5 Rc8 22. Rxc8+ Bxc8 23. b4 Nf7 24. Ke2 Bxd4 25. a4 Be6 26. Rc1 Ne5 27. Rd1 Bxd5 28. Rxd4 Bc4+ 29. Ke3 Ke7 30. b5 Bf1 31. Rd1 Bxg2 32. Rg1 Bxf3 33. Rxg5 Bd1 34. a5 Kf6 35. Rxe5 Kxe5 36. b6 axb6 37. axb6 Bc2 38. b7 Bxe4 39. b8=Q Bf5 40. Qe8+ Kf6 41. Kd4 Kg5 42. Qe7+ Kg4 43. Qxd6 g5 44. Ke5 Bc8 45. Kf6 Kh4 46. Qh2+ 1-0

[Event "Winnipeg op"]
[Site "Winnipeg CAN"]
[Date "1998.06.12"]
[Round "1"]
[White "Khedkar, Jay"]
[Black "Milord, Frank"]
[Result "1/2-1/2"]
[WhiteElo "2038"]
[BlackElo "1615"]
[PlyCount "28"]
[GameId "2160767911872886"]
[EventDate "1998.06.12"]
[EventType "swiss"]
[EventRounds "5"]
[EventCountry "CAN"]

1. d4 d5 2. Nf3 Nf6 3. c4 c6 4. Nc3 Bf5 5. e3 e6 6. Qb3 Qc7 7. Bd2 Ne4 8. Rc1 Nxc3 9. Bxc3 Bd6 10. c5 Be7 11. Ne5 Nd7 12. Nxd7 Qxd7 13. f3 O-O 14. h4 e5 1/2-1/2

[Event "Winnipeg op"]
[Site "Winnipeg CAN"]
[Date "1998.06.12"]
[Round "1"]
[White "Remillard, John"]
[Black "Andersen, Sune"]
[Result "1-0"]
[WhiteElo "1607"]
[BlackElo "2019"]
[PlyCount "83"]
[GameId "2160767911872887"]
[EventDate "1998.06.12"]
[EventType "swiss"]
[EventRounds "5"]
[EventCountry "CAN"]

1. c4 Nf6 2. Nc3 g6 3. Nf3 c5 4. g3 Bg7 5. Bg2 O-O 6. O-O Nc6 7. d4 cxd4 8. Nxd4 Nxd4 9. Qxd4 d6 10. Rd1 Ng4 11. Qd5 Qb6 12. e3 a6 13. h4 Rb8 14. Qg5 Bf6 15. Nd5 Bxg5 16. Nxb6 Bh6 17. Nd5 Re8 18. e4 Bg7 19. Rb1 Ne5 20. b3 Bg4 21. Re1 Nd3 22. Re3 Bd1 23. Bf1 Ne5 24. Bb2 Bg4 25. Be2 b5 26. Bxe5 Bxe5 27. Bxg4 e6 28. Nc7 Rec8 29. Nxa6 Rb6 30. cxb5 Rxb5 31. Be2 Rb6 32. b4 Rc2 33. a4 Bd4 34. Bd1 Ra2 35. Rd3 Bxf2+ 36. Kf1 Bxg3 37. Rxg3 Rxa6 38. b5 Rb6 39. Rg2 Ra3 40. Rbb2 Kf8 41. Ra2 Rf3+ 42. Bxf3 1-0

[Event "Winnipeg op"]
[Site "Winnipeg CAN"]
[Date "1998.06.13"]
[Round "2"]
[White "Andersen, Sune"]
[Black "Gushuliak, Justin"]
[Result "1-0"]
[WhiteElo "2019"]
[BlackElo "1817"]
[PlyCount "37"]
[GameId "2160767911872888"]
[EventDate "1998.06.12"]
[EventType "swiss"]
[EventRounds "5"]
[EventCountry "CAN"]

1. e4 c5 2. c3 d5 3. exd5 Qxd5 4. d4 cxd4 5. cxd4 Nc6 6. Nf3 Bg4 7. Nc3 Bxf3 8. gxf3 Qxd4 9. Qxd4 Nxd4 10. Nb5 Ne6 11. Nxa7 Rxa7 12. Bb5+ Kd8 13. Be3 Ra6 14. Bxa6 bxa6 15. Ke2 Nf6 16. Rac1 Nc7 17. Rhd1+ Kc8 18. Bf4 Nfe8 19. Rd3 1-0

[Event "Winnipeg op"]
[Site "Winnipeg CAN"]
[Date "1998.06.13"]
[Round "2"]
[White "Gentes, Kevin"]
[Black "Federkevic, Danny"]
[Result "1-0"]
[WhiteElo "2386"]
[BlackElo "1974"]
[PlyCount "62"]
[GameId "2160767911872889"]
[EventDate "1998.06.12"]
[EventType "swiss"]
[EventRounds "5"]
[EventCountry "CAN"]

1. c4 Nf6 2. g3 g6 3. Bg2 Bg7 4. Nc3 O-O 5. Nf3 d6 6. d4 Nc6 7. O-O e5 8. h3 exd4 9. Nxd4 Nxd4 10. Qxd4 Nd7 11. Qd2 Re8 12. b3 Nc5 13. Bb2 Bf5 14. Rad1 Ne4 15. Nxe4 Bxb2 16. Nxd6 Qxd6 17. Qxb2 Qe6 18. g4 Be4 19. f3 Bc6 20. e4 g5 21. Rf2 Rad8 22. Rfd2 Qe7 23. b4 Ba4 24. Rxd8 Rxd8 25. Rxd8+ Qxd8 26. Qe5 Qd1+ 27. Kh2 Qd2 28. Qxc7 Bd1 29. Qc8+ Kg7 30. Qf5 Qxa2 31. Qxg5+ Kf8 1-0

[Event "Winnipeg op"]
[Site "Winnipeg CAN"]
[Date "1998.06.13"]
[Round "2"]
[White "Gibbons, Michael"]
[Black "Huggan, Philip"]
[Result "1-0"]
[WhiteElo "2079"]
[BlackElo "1543"]
[PlyCount "65"]
[GameId "2160767911872890"]
[EventDate "1998.06.12"]
[EventType "swiss"]
[EventRounds "5"]
[EventCountry "CAN"]

1. Nf3 d5 2. b3 c5 3. e3 Bf5 4. Bb2 a6 5. a4 Nc6 6. Be2 e6 7. O-O Nf6 8. d3 Be7 9. Nbd2 Nb4 10. Nh4 Bg6 11. Nxg6 hxg6 12. f4 Qb6 13. Nf3 c4 14. Bd4 Bc5 15. Bxc5 Qxc5 16. d4 Qc7 17. c3 Ng4 18. cxb4 Nxe3 19. Qc1 Nxf1 20. Bxf1 Qb6 21. bxc4 Qxb4 22. c5 O-O 23. Qc2 Rfb8 24. Rb1 Qa5 25. Rb6 Rc8 26. Qb3 Rc6 27. Rxb7 Rcc8 28. Qb4 Qd8 29. Ne5 a5 30. Qb5 Rab8 31. Nc6 Rxb7 32. Qxb7 Qc7 33. Qxc8+ 1-0

[Event "Winnipeg op"]
[Site "Winnipeg CAN"]
[Date "1998.06.13"]
[Round "2"]
[White "Herkert, Dean"]
[Black "Boron, Anthony"]
[Result "1/2-1/2"]
[WhiteElo "1710"]
[BlackElo "1883"]
[PlyCount "48"]
[GameId "2160767911872891"]
[EventDate "1998.06.12"]
[EventType "swiss"]
[EventRounds "5"]
[EventCountry "CAN"]

1. f4 d5 2. Nf3 Nf6 3. b3 Bg4 4. e3 Nbd7 5. Bb2 e6 6. Be2 Bxf3 7. Bxf3 Bd6 8. Nc3 a6 9. O-O c6 10. e4 dxe4 11. Nxe4 Bxf4 12. Nxf6+ gxf6 13. Bxc6 Bxh2+ 14. Kxh2 Qc7+ 15. Kh1 Qxc6 16. Qf3 Qxf3 17. Rxf3 Rg8 18. Bxf6 Nxf6 19. Rxf6 Rg6 20. Raf1 Rxf6 21. Rxf6 Ke7 22. Rf4 Rd8 23. d4 b5 24. c3 Rc8 1/2-1/2

[Event "Winnipeg op"]
[Site "Winnipeg CAN"]
[Date "1998.06.13"]
[Round "2"]
[White "Milord, Frank"]
[Black "Trueman, Francis"]
[Result "1-0"]
[WhiteElo "1615"]
[BlackElo "1459"]
[PlyCount "69"]
[GameId "2160767911872892"]
[EventDate "1998.06.12"]
[EventType "swiss"]
[EventRounds "5"]
[EventCountry "CAN"]

1. e4 c6 2. d4 d5 3. exd5 cxd5 4. Bd3 Nc6 5. Nf3 Bg4 6. c3 g6 7. Bf4 Bg7 8. h3 Bxf3 9. Qxf3 Qb6 10. Qe2 Nf6 11. Na3 Ne4 12. Nb5 Rc8 13. f3 Nf6 14. Nd6+ Kd7 15. Nxc8 Rxc8 16. Bb5 Nh5 17. Bh2 Bf6 18. g4 Bh4+ 19. Kf1 Nf6 20. Kg2 h5 21. Be5 Re8 22. Bxc6+ Qxc6 23. a4 Ng8 24. Qb5 f6 25. Qxc6+ Kxc6 26. Bg3 Bg5 27. f4 Bh6 28. Kf3 Rf8 29. f5 gxf5 30. gxf5 Bg7 31. Rhe1 Kd7 32. Bf4 Rf7 33. Re6 Bf8 34. Re2 Rh7 35. Rg1 1-0

[Event "Winnipeg op"]
[Site "Winnipeg CAN"]
[Date "1998.06.13"]
[Round "2"]
[White "Remillard, John"]
[Black "Baragar, Fletcher"]
[Result "0-1"]
[WhiteElo "1607"]
[BlackElo "2360"]
[PlyCount "73"]
[GameId "2160767911872893"]
[EventDate "1998.06.12"]
[EventType "swiss"]
[EventRounds "5"]
[EventCountry "CAN"]

1. c4 e5 2. Nc3 d6 3. g3 g6 4. Bg2 Bg7 5. Nh3 Nc6 6. O-O Nge7 7. f4 Bg4 8. fxe5 dxe5 9. Ng5 O-O 10. Nf3 Qd7 11. Kh1 Rad8 12. Qb3 Qc8 13. d3 h6 14. Ne4 Kh8 15. Ng1 Nd4 16. Qd1 f5 17. Nf2 Bh5 18. b3 c5 19. Rb1 Nec6 20. a3 a5 21. Bd2 Qc7 22. b4 axb4 23. axb4 cxb4 24. Bxb4 Nxb4 25. Rxb4 b6 26. Nf3 Bxf3 27. exf3 Rf6 28. Qb1 Bf8 29. Rb2 Bc5 30. Re1 Rff8 31. Nd1 f4 32. Nc3 fxg3 33. hxg3 Qe7 34. Nd5 Qg5 35. g4 Qh4+ 36. Kg1 Nxf3+ 37. Kf1 0-1

[Event "Winnipeg op"]
[Site "Winnipeg CAN"]
[Date "1998.06.13"]
[Round "2"]
[White "Sekhar, Ganesan"]
[Black "Walker, Erin"]
[Result "1-0"]
[WhiteElo "1940"]
[BlackElo "1781"]
[PlyCount "100"]
[GameId "2160767911872894"]
[EventDate "1998.06.12"]
[EventType "swiss"]
[EventRounds "5"]
[EventCountry "CAN"]

1. Nf3 d5 2. d4 Nf6 3. Nbd2 Bf5 4. e3 e6 5. Be2 Be7 6. O-O O-O 7. Ne5 Nbd7 8. g4 Bg6 9. Nxg6 hxg6 10. f4 Ne8 11. Bf3 c5 12. c3 Nd6 13. b3 cxd4 14. exd4 Qc7 15. Bb2 Rac8 16. Bg2 b5 17. Qe2 Nf6 18. Rac1 Rfe8 19. Rc2 Qa5 20. Rfc1 Rc7 21. h3 Rec8 22. Ba1 Qb6 23. Kh1 a5 24. Bf3 a4 25. g5 Nd7 26. Bg4 axb3 27. axb3 Qa5 28. Bb2 Qa7 29. h4 Nb6 30. Kg2 Nf5 31. Nf3 Bd6 32. Bxf5 gxf5 33. Ra1 Qb7 34. g6 fxg6 35. Qxe6+ Kh7 36. Qxd6 Rd7 37. Qb4 Qc6 38. Ne5 Qd6 39. Qxd6 Rxd6 40. Ba3 Re6 41. Bc5 Rf6 42. Ra5 Rc7 43. Rxb5 Nd7 44. Nxd7 Rxd7 45. Re2 Ra6 46. Re7 Rxe7 47. Bxe7 Ra2+ 48. Kf3 Rc2 49. Bb4 Rb2 50. Rxd5 Rxb3 1-0